Statistiken für Bern - Sehenswürdigkeiten

Klicken Sie hier um das Quiz zu spielen!

Allgemein

  • Dieses Quiz wurde 30 mal gespielt
  • Das Durchschnittsergebnis liegt bei 4 aus 8

Antwortstatistiken

Antwort% Korrekt
Bundeshaus
90%
Münster
70%
Zytglogge
70%
Rathaus
60%
Käfigturm
37%
Kornhaus
37%
Nydeggbrücke
37%
Heiliggeistkirche
30%

Verteilung der Resultate

Perzentil nach korrekt beantworteten Fragen

Anzahl Personen mit jedem Resultat

Ihre Resultats-Entwicklung

Sie haben dieses Quiz noch nicht gespielt